Estudio del control de voltaje y frecuencia en minicentrales hidroelectricas

Αποθηκεύτηκε σε:
Λεπτομέρειες βιβλιογραφικής εγγραφής
Κύριος συγγραφέας: Badilla, Jorge Enrique
Μορφή: Thesis Βιβλίο
Γλώσσα:Undetermined
Έκδοση: 1984
Θέματα:
Ετικέτες: Προσθήκη ετικέτας
Δεν υπάρχουν, Καταχωρήστε ετικέτα πρώτοι!

MARC

LEADER 00000nam a2200000Ia 4500
001 2287
008 140114s9999 xx 000 0 und d
100 |a Badilla, Jorge Enrique 
245 |a Estudio del control de voltaje y frecuencia en minicentrales hidroelectricas 
260 |c 1984 
500 |a NULL 
502 |a Escuela de ingenieria Electrica 
650 |z MINICENTRALES HIDROELECTRICAS 
999 |c 11556  |d 11556